| 000 | 00571nam a2200193 4500 | ||
|---|---|---|---|
| 999 |
_c169223 _d169223 |
||
| 005 | 20191108143057.0 | ||
| 010 | _aENG-126870 | ||
| 020 |
_a9788189433474 _c800.00 |
||
| 035 | _aEN-110402 | ||
| 037 | _bDBAD/PUB | ||
| 082 | _a631.4 | ||
| 100 | _aAjay Singh | ||
| 245 |
_aSoil physics / _cby Ajay Singh |
||
| 260 |
_aDelhi _bCaliber Publishers & Distributor _c2018 |
||
| 270 |
_aL-45, 2st floor, gali no. 5, Shivaji Marg, Kartar Nagar _bDelhi _e110052 |
||
| 300 |
_aviii;280p. _c22cm(Hb) |
||
| 500 | _aIncludes index | ||
| 942 |
_2ddc _cEN _h631.4 _mAJA |
||